[Event "FISCA Online op"]
[Site "Chess.com INT"]
[Date "2020.06.20"]
[Round "2"]
[White "Mohammad Fahad, Rahman"]
[Black "Voinea, Marius"]
[Result "1-0"]
[WhiteElo "2319"]
[BlackElo "1658"]
[PlyCount "53"]
[EventDate "2020.06.19"]
[EventType "swiss"]
[EventRounds "9"]
[EventCountry "ROU"]
[SourceTitle "CBM 197 Extra"]
[Source "ChessBase"]
[SourceDate "2020.09.30"]
[SourceVersion "1"]
[SourceVersionDate "2020.09.30"]
[SourceQuality "1"]

1. e4 e6 2. d4 d5 3. Nc3 Nf6 4. Bg5 Bb4 5. e5 h6 6. Bc1 Ne4 7. Qg4 g6 8. Nge2 Nc6 9. a3 Nxc3 10. Nxc3 Bf8 11. Be3 Bg7 12. h4 h5 13. Qg3 Ne7 14. Bd3 Nf5 15. Bxf5 exf5 16. Bg5 Qd7 17. 0-0 0-0 18. Rfe1 b6 19. Rad1 Bb7 20. Ne2 Kh7 21. Nf4 Rfe8 22. Re3 a5 23. Rde1 Qa4 24. e6 Bxd4 25. exf7 Rxe3 26. fxe3 Bc5 27. Bf6 1-0

[Event "Europe Echecs online op April"]
[Site "Europe Echecs INT"]
[Date "2020.04.11"]
[Round "1"]
[White "Gatineau, Yovann"]
[Black "Voinea, Marius"]
[Result "1-0"]
[WhiteElo "2423"]
[BlackElo "1571"]
[PlyCount "57"]
[EventDate "2020.04.11"]
[EventType "swiss (blitz)"]
[EventRounds "11"]
[EventCountry "FRA"]
[SourceTitle "EXT 2021"]
[Source "ChessBase"]
[SourceDate "2020.10.23"]
[SourceVersion "1"]
[SourceVersionDate "2020.10.23"]
[SourceQuality "1"]

1. e4 e6 2. d4 d5 3. Nd2 Be7 4. Ngf3 c5 5. exd5 exd5 6. Bb5+ Nc6 7. 0-0 Nf6 8. dxc5 0-0 9. Nb3 Ne4 10. Be3 Bg4 11. h3 Bh5 12. g4 Bg6 13. Bxc6 bxc6 14. Ne5 Qc8 15. f3 Ng5 16. Kg2 Ne6 17. Qd2 Bf6 18. Nxg6 hxg6 19. c3 Be7 20. f4 f5 21. g5 a5 22. Qf2 a4 23. Nd2 Qa6 24. Nf3 Qa5 25. Ne5 Nxc5 26. Nxg6 Bd6 27. Nxf8 Rxf8 28. Bxc5 Bxc5 29. Qe2 1-0

[Event "Europe Echecs online op April"]
[Site "Europe Echecs INT"]
[Date "2020.04.11"]
[Round "4"]
[White "Voinea, Marius"]
[Black "Dumas, Charles"]
[Result "0-1"]
[WhiteElo "1571"]
[BlackElo "2114"]
[PlyCount "79"]
[EventDate "2020.04.11"]
[EventType "swiss (blitz)"]
[EventRounds "11"]
[EventCountry "FRA"]
[SourceTitle "EXT 2021"]
[Source "ChessBase"]
[SourceDate "2020.10.23"]
[SourceVersion "1"]
[SourceVersionDate "2020.10.23"]
[SourceQuality "1"]

1. e4 c5 2. Nf3 Nc6 3. Bb5 g6 4. Bxc6 bxc6 5. c3 Nf6 6. Qe2 Bg7 7. d4 cxd4 8. cxd4 d5 9. e5 Ne4 10. Nc3 Nxc3 11. bxc3 a5 12. 0-0 Ba6 13. Qc2 Bxf1 14. Kxf1 0-0 15. a4 Rb8 16. Ba3 Re8 17. c4 e6 18. Bd6 Rb7 19. cxd5 cxd5 20. Qc6 Qc8 21. Rc1 Qxc6 22. Rxc6 Ra8 23. Ne1 Bf8 24. Nd3 Rb3 25. Nc5 Rb4 26. Nd7 Rxd4 27. Bxf8 Rxf8 28. Nxf8 Kxf8 29. Ra6 Rxa4 30. Ke2 Re4+ 31. Kd3 Rxe5 32. Rxa5 Re4 33. Ra7 Kg7 34. f3 Re1 35. Kd2 Rg1 36. Ke3 Rxg2 37. h4 h5 38. Rd7 Rh2 39. Kf4 Rxh4+ 40. Kg5 0-1